000 01070nam a2200241Ia 4500
003 Ost
005 20260507075719.0
008 260507s9999||||xx |||||||||||||| ||und||
020 _a9789931248231
040 _cfsecg
041 _aara
082 _a658.8
100 _aمسالتة، سفيان
_eمؤلف
245 0 _aأساسيات تسويق الخدمات /
_c سفيان مسالتة
260 _aالجزائر:
_bدار الباحث للنشر والإشهار,
_c2023
300 _a120 صفحة؛
_bإيضاحات ؛
_c24 سم
504 _aمراجع ص.117
520 _aمدخل مفاهيمي حول الخدمة، خصائص الخدمات و النتائج المترتبة عليها، كذلك تصنيف الخدمات وطبيعتها، مع قرارات المزيج التسويقي زهرة الخدمات، وأخيرا التحليلات المرتبطة بالعرض الخدمي.
653 _aالتسويق
653 _aتسويق الخدمات
700 _aعصماني، سفيان
_eمؤلف ثانوي
942 _cكتاب
999 _c45933
_d45933